000 01467nam a2200241Ia 4500
003 Ost
005 20260416102352.0
008 260416s9999||||xx |||||||||||||| ||und||
040 _cfsecg
041 _aara
082 _a657.45
100 _aطويلب، محمد
_eمؤلف
245 0 _aالمراجعة( التدقيق) :
_bالناحية النظرية والتطبيقية /
_c محمد طويلب
260 _aالجزائر
_bجامعة الجزائر3: كلية العلوم الإقتصادية، العلوم التجارية وعلوم التسيير
_c2017
300 _a107 ورقة
_bايض
_c30 سم
504 _aمراجع ص.106
520 _aدراسة نظرية للمراجعة عن المراجعة: مفاهيم مالية للمراجعة، المراحل الأساسية للقيام بعملية المراجعة لمؤسسة ما، دراسة تطبيقية للمراجعة: مراجعة التثبيتات، مراجعة المخزونات، مراجعة النقدية (الخزينة)، مراجعة نظام المبيعات/الزبائن، مراجعة نظام المشتريات/الموردين، مراجعة نظام الأجور
653 _aالأجور
653 _aالمحاسبة
653 _aمراجعة الحسابات
710 _aجامعة الجزائر3: كلية العلوم الإقتصادية، العلوم التجارية وعلوم التسيير
_eناشر علمي
942 _cHANDOUT
999 _c41034
_d41034